[Event "BCF-chT2 0607 (4NCL)"]
[Site "Sunningdale"]
[Date "2006.09.16"]
[Round "1.3"]
[White "Pitcher, John"]
[Black "Allinson, Julian"]
[Result "1/2-1/2"]
[WhiteElo "2194"]
[BlackElo "2134"]
[PlyCount "61"]
[EventDate "2006.09.16"]
[EventType "team-tourn"]
[EventRounds "11"]
[EventCountry "ENG"]
[SourceTitle "CBM 115 Extra"]
[Source "ChessBase"]
[SourceDate "2007.01.10"]
[SourceVersion "1"]
[SourceVersionDate "2007.01.10"]
[SourceQuality "1"]
[WhiteTeam "Warwicks Select"]
[BlackTeam "Guildford III"]
[WhiteTeamCountry "ENG"]
[BlackTeamCountry "ENG"]

1. e4 c6 2. d4 d5 3. e5 Qb6 4. c4 Bf5 5. Nc3 e6 6. Nf3 Ne7 7. c5 Qc7 8. Be2 Nd7 9. h3 f6 10. g4 Be4 11. exf6 Bxf3 12. f7+ Kxf7 13. Bxf3 Ng6 14. Qd3 Be7 15. Bd2 Raf8 16. Bg2 Ke8 17. Ne2 e5 18. 0-0 e4 19. Qg3 Qxg3 20. fxg3 Rxf1+ 21. Rxf1 Rf8 22. Rc1 Rf7 23. g5 Bd8 24. h4 Bc7 25. b4 Ne7 26. Bh3 Rf3 27. Rc3 Rxc3 28. Bxc3 g6 29. Kf2 Nf5 30. Bd2 Ke7 31. Bxf5 1/2-1/2

[Event "BCF-chT4 0506 (4NCL)"]
[Site "West Bromwich"]
[Date "2006.03.18"]
[Round "7.2"]
[White "Wallace, Paul Anthony"]
[Black "Allinson, Julian"]
[Result "1/2-1/2"]
[WhiteElo "2235"]
[BlackElo "2205"]
[PlyCount "29"]
[EventDate "2005.11.05"]
[EventType "team-tourn"]
[EventRounds "11"]
[EventCountry "ENG"]
[SourceTitle "CBM 109 Extra"]
[Source "ChessBase"]
[SourceDate "2006.01.03"]
[SourceVersion "2"]
[SourceVersionDate "2006.01.03"]
[SourceQuality "1"]
[WhiteTeam "Cheddleton"]
[BlackTeam "Guildford IV"]
[WhiteTeamCountry "ENG"]
[BlackTeamCountry "ENG"]

1. e4 c6 2. d4 d5 3. e5 Qb6 4. Nc3 Bf5 5. Nf3 e6 6. Nh4 Bg6 7. Be2 c5 8. dxc5 Bxc5 9. 0-0 Qc7 10. Nb5 Qd8 11. Nf3 a6 12. Nbd4 Ne7 13. Be3 Nd7 14. c3 0-0 15. Qd2 1/2-1/2

[Event "BCF-chT3 0405 (4NCL)"]
[Site "Telford"]
[Date "2005.04.16"]
[Round "7.3"]
[White "Allinson, Julian"]
[Black "Burton, Graham P"]
[Result "1-0"]
[WhiteElo "2107"]
[BlackElo "2110"]
[PlyCount "93"]
[EventDate "2004.11.06"]
[EventType "team-tourn"]
[EventRounds "11"]
[EventCountry "ENG"]
[SourceTitle "EXT 2006"]
[Source "ChessBase"]
[SourceDate "2005.11.24"]
[SourceVersion "1"]
[SourceVersionDate "2005.11.24"]
[SourceQuality "1"]
[WhiteTeam "Guildford III"]
[BlackTeam "Numerica 3CS II"]
[WhiteTeamCountry "ENG"]
[BlackTeamCountry "ENG"]

1. d4 Nf6 2. Nf3 c5 3. d5 e6 4. c4 exd5 5. cxd5 d6 6. Nc3 g6 7. e4 Bg7 8. h3 0-0 9. Bd3 Nbd7 10. 0-0 Nh5 11. Bg5 Bf6 12. Bh6 Re8 13. Qd2 Ne5 14. Nxe5 Bxe5 15. Rae1 a6 16. f4 Bd4+ 17. Kh2 Qh4 18. Ne2 Nf6 19. Nxd4 Qxh6 20. Nf3 Bd7 21. a3 Bb5 22. e5 dxe5 23. Bxb5 axb5 24. fxe5 Qxd2 25. Nxd2 Nxd5 26. Ne4 Kg7 27. Nxc5 Rac8 28. Nxb7 Rc2 29. Nd6 Re7 30. b4 Nb6 31. Nxb5 Nc4 32. Rc1 Rxc1 33. Rxc1 Nxe5 34. Rc3 Rb7 35. Nc7 Nd7 36. Kg3 Nf6 37. Kf3 h5 38. b5 g5 39. a4 g4+ 40. hxg4 hxg4+ 41. Ke2 Ne4 42. Rc4 f5 43. Ke3 Nf6 44. Kd4 Nd7 45. a5 f4 46. a6 Ra7 47. Ne6+ 1-0

[Event "BCF-chT3 0405 (4NCL)"]
[Site "Telford"]
[Date "2004.11.07"]
[Round "2.4"]
[White "Stevenson, James"]
[Black "Allinson, Julian"]
[Result "1/2-1/2"]
[WhiteElo "2092"]
[BlackElo "2107"]
[PlyCount "45"]
[EventDate "2004.11.06"]
[EventType "team-tourn"]
[EventRounds "11"]
[EventCountry "ENG"]
[SourceTitle "EXT 2006"]
[Source "ChessBase"]
[SourceDate "2005.11.24"]
[SourceVersion "1"]
[SourceVersionDate "2005.11.24"]
[SourceQuality "1"]
[WhiteTeam "Athenaeum"]
[BlackTeam "Guildford III"]
[WhiteTeamCountry "ENG"]
[BlackTeamCountry "ENG"]

1. d4 d5 2. c4 dxc4 3. Nf3 Nf6 4. e3 e6 5. Bxc4 c5 6. 0-0 a6 7. dxc5 Qxd1 8. Rxd1 Bxc5 9. Nbd2 Nbd7 10. Nb3 Be7 11. Bd2 b6 12. Rac1 Bb7 13. Be2 Rc8 14. Rxc8+ Bxc8 15. Nbd4 Bb7 16. Rc1 Bd6 17. Nc6 0-0 18. Nfd4 g6 19. Bb4 Nc5 20. Bxc5 Bxc5 21. b4 Bxd4 22. Nxd4 Rd8 23. Rc7 1/2-1/2

[Event "BCF-chT3 0304 (4NCL)"]
[Site "West Bromwich"]
[Date "2004.01.24"]
[Round "3.3"]
[White "Mangwengwende, John"]
[Black "Allinson, Julian"]
[Result "0-1"]
[WhiteElo "2140"]
[BlackElo "2100"]
[PlyCount "70"]
[EventDate "2003.11.23"]
[EventType "team-tourn"]
[EventRounds "11"]
[EventCountry "ENG"]
[SourceTitle "EXT 2005"]
[Source "ChessBase"]
[SourceDate "2004.11.15"]
[SourceVersion "1"]
[SourceVersionDate "2004.11.15"]
[SourceQuality "1"]
[WhiteTeam "The ADS II"]
[BlackTeam "Guildford III"]
[WhiteTeamCountry "ENG"]
[BlackTeamCountry "ENG"]

1. e4 c6 2. d4 d5 3. e5 Qb6 4. Nf3 Bg4 5. Be2 e6 6. 0-0 c5 7. dxc5 Bxc5 8. c3 Nc6 9. Nbd2 Qc7 10. b4 Bxf3 11. Nxf3 Bb6 12. Re1 Nge7 13. Bd3 a5 14. b5 Nb8 15. Bd2 Nd7 16. Qe2 Bc5 17. Rab1 Nb6 18. Nd4 a4 19. Qg4 g6 20. Qh4 0-0-0 21. Nf3 h6 22. Be3 Nf5 23. Bxf5 gxf5 24. Bxc5 Qxc5 25. Qd4 Qxd4 26. cxd4 Kd7 27. Rec1 Rc8 28. Nd2 Rxc1+ 29. Rxc1 Rc8 30. Rxc8 Nxc8 31. Nb1 Na7 32. Nc3 Kc7 33. f4 a3 34. h3 Kb6 35. g4 fxg4 0-1

[Event "BCF-chT3 0203 (4NCL)"]
[Site "West Bromwich"]
[Date "2003.04.13"]
[Round "8.7"]
[White "Allinson, Julian"]
[Black "Clancy, Marc"]
[Result "1-0"]
[WhiteElo "1880"]
[BlackElo "1880"]
[PlyCount "49"]
[EventDate "2002.11.??"]
[EventType "team-tourn"]
[EventRounds "11"]
[EventCountry "ENG"]
[SourceTitle "EXT 2004"]
[Source "ChessBase"]
[SourceDate "2003.11.25"]
[SourceVersion "1"]
[SourceVersionDate "2003.11.25"]
[SourceQuality "1"]
[WhiteTeam "Guildford III"]
[BlackTeam "NW Eagles II"]
[WhiteTeamCountry "ENG"]
[BlackTeamCountry "ENG"]

1. d4 Nf6 2. Nf3 g6 3. c4 Bg7 4. g3 0-0 5. Bg2 d6 6. 0-0 Nbd7 7. Nc3 e5 8. Qc2 Re8 9. Bd2 Nh5 10. dxe5 dxe5 11. Rad1 c6 12. Ne4 Qc7 13. c5 Ndf6 14. Nd6 Re7 15. b4 Bd7 16. e4 Bg4 17. h3 Bxf3 18. Bxf3 Rd8 19. Qc1 Ne8 20. Bxh5 gxh5 21. Nf5 Red7 22. Bg5 f6 23. Be3 Rd3 24. Rxd3 Rxd3 25. Qc4+ 1-0

[Event "BCF-chT3 0203 (4NCL)"]
[Site "West Bromwich"]
[Date "2003.01.18"]
[Round "3.8"]
[White "Allinson, Julian"]
[Black "Broomfield, Lucy J"]
[Result "1-0"]
[WhiteElo "1880"]
[BlackElo "2019"]
[PlyCount "79"]
[EventDate "2002.11.??"]
[EventType "team-tourn"]
[EventRounds "11"]
[EventCountry "ENG"]
[SourceTitle "EXT 2004"]
[Source "ChessBase"]
[SourceDate "2003.11.25"]
[SourceVersion "1"]
[SourceVersionDate "2003.11.25"]
[SourceQuality "1"]
[WhiteTeam "Guildford III"]
[BlackTeam "Mindsports"]
[WhiteTeamCountry "ENG"]
[BlackTeamCountry "ENG"]

1. d4 d5 2. c4 e6 3. Nf3 Nf6 4. g3 Be7 5. Bg2 0-0 6. 0-0 Nbd7 7. Qc2 Ne4 8. Nc3 Ndf6 9. Ne5 Nxc3 10. bxc3 c6 11. Rb1 Nd7 12. Nxd7 Qxd7 13. cxd5 exd5 14. c4 dxc4 15. Qxc4 Rb8 16. Bxc6 Qd8 17. Bg2 Be6 18. d5 Bd7 19. Bf4 Rc8 20. Qd3 b5 21. d6 Bf6 22. Rfc1 Qa5 23. Rc7 Rfd8 24. Bb7 Rb8 25. Bd5 b4 26. Qb3 Kh8 27. Bxf7 g5 28. Be6 gxf4 29. Bxd7 fxg3 30. hxg3 Be5 31. Bf5 Bg7 32. Qf7 Qe5 33. Qh5 h6 34. Qg6 Kg8 35. Qh7+ Kf8 36. Bg6 Qf6 37. Rf7+ Qxf7 38. Bxf7 Kxf7 39. Qf5+ Ke8 40. Qe6+ 1-0

[Event "BCF-chT3 0203 (4NCL)"]
[Site "West Bromwich"]
[Date "2002.11.10"]
[Round "2.7"]
[White "Chaplin, Peter Edward"]
[Black "Allinson, Julian"]
[Result "0-1"]
[WhiteElo "2060"]
[BlackElo "1872"]
[PlyCount "104"]
[EventDate "2002.11.??"]
[EventType "team-tourn"]
[EventRounds "11"]
[EventCountry "ENG"]
[SourceTitle "EXT 2004"]
[Source "ChessBase"]
[SourceDate "2003.11.25"]
[SourceVersion "1"]
[SourceVersionDate "2003.11.25"]
[SourceQuality "1"]
[WhiteTeam "Bristol II"]
[BlackTeam "Guildford III"]
[WhiteTeamCountry "ENG"]
[BlackTeamCountry "ENG"]

1. d4 c6 2. Nf3 Nf6 3. e3 d6 4. Be2 Bg4 5. 0-0 Nbd7 6. Nbd2 e5 7. dxe5 dxe5 8. Nc4 Qc7 9. Bd2 Rd8 10. Ba5 b6 11. Bc3 Ne4 12. Qe1 Nxc3 13. Qxc3 f6 14. Ncd2 Bd6 15. Bc4 b5 16. Be2 Nc5 17. b4 Na4 18. Qb3 Qe7 19. a3 e4 20. Nd4 Bxe2 21. Nxe2 Be5 22. Nd4 Bxd4 23. exd4 Rxd4 24. Qe3 Rd6 25. Nxe4 Re6 26. Rfe1 0-0 27. g4 Nb6 28. Qc5 Re8 29. Qxe7 R8xe7 30. f3 h5 31. h3 h4 32. Kf2 Nd5 33. Rad1 Nf4 34. Rh1 g6 35. Ke3 Nd5+ 36. Kd4 f5 37. gxf5 gxf5 38. Rhg1+ Kf8 39. Nc5 Rd6 40. Rde1 Nf4+ 41. Kc3 Ne2+ 42. Rxe2 Rxe2 43. Nd3 Rh2 44. Rg5 Rxh3 45. Rxf5+ Kg8 46. Rh5 Kg7 47. f4 Rh6 48. Rg5+ Kf6 49. Kd4 Rg3 50. Rxg3 hxg3 51. Ke3 Rh2 52. Ne1 Rf2 0-1

[Event "BCF-chT3 0102 (4NCL)"]
[Site "Birmingham"]
[Date "2002.05.04"]
[Round "9.6"]
[White "Pitcher, John"]
[Black "Allinson, Julian"]
[Result "1/2-1/2"]
[WhiteElo "2128"]
[BlackElo "1944"]
[PlyCount "42"]
[EventDate "2001.09.??"]
[EventType "team-tourn"]
[EventRounds "11"]
[EventCountry "ENG"]
[SourceTitle "EXT 2003"]
[Source "ChessBase"]
[SourceDate "2002.11.25"]
[SourceVersion "1"]
[SourceVersionDate "2002.11.25"]
[SourceQuality "1"]
[WhiteTeam "Warwicks Select II"]
[BlackTeam "Guildford III"]
[WhiteTeamCountry "ENG"]
[BlackTeamCountry "ENG"]

1. e4 c6 2. d4 d5 3. e5 Qb6 4. Nc3 Bf5 5. g4 Bd7 6. h3 e6 7. Nge2 c5 8. Be3 Nc6 9. Qd2 cxd4 10. Bxd4 Nxd4 11. Nxd4 Rc8 12. Nd1 f6 13. exf6 Nxf6 14. Bg2 Bd6 15. c3 0-0 16. Ne3 g6 17. 0-0-0 Bc5 18. Kb1 Ba4 19. Rde1 Bxd4 20. cxd4 Ne4 21. Bxe4 dxe4 1/2-1/2

[Event "BCF-chT3 0102 (4NCL)"]
[Site "Birmingham"]
[Date "2002.03.23"]
[Round "7.6"]
[White "Cumbers, Paul"]
[Black "Allinson, Julian"]
[Result "1-0"]
[WhiteElo "1952"]
[BlackElo "1944"]
[PlyCount "75"]
[EventDate "2001.09.??"]
[EventType "team-tourn"]
[EventRounds "11"]
[EventCountry "ENG"]
[SourceTitle "EXT 2003"]
[Source "ChessBase"]
[SourceDate "2002.11.25"]
[SourceVersion "1"]
[SourceVersionDate "2002.11.25"]
[SourceQuality "1"]
[WhiteTeam "White Rose II"]
[BlackTeam "Guildford III"]
[WhiteTeamCountry "ENG"]
[BlackTeamCountry "ENG"]

1. e4 c6 2. d4 d5 3. e5 Qb6 4. Nc3 Bf5 5. Nge2 e6 6. Ng3 Bg6 7. h4 h6 8. h5 Bh7 9. Be2 c5 10. Na4 Qa5+ 11. c3 cxd4 12. b4 Qc7 13. Qxd4 Ne7 14. b5 Nd7 15. Bf4 Nc8 16. 0-0 Ncb6 17. Nxb6 axb6 18. c4 Bc5 19. Qd2 dxc4 20. Rac1 0-0 21. Bxc4 Ra4 22. Qe2 Kh8 23. Ne4 Ba3 24. Rc3 Bb2 25. Qxb2 Rxc4 26. Rfc1 Rxc3 27. Rxc3 Nc5 28. Nxc5 bxc5 29. Qc1 b6 30. a4 Ra8 31. Qd1 Rd8 32. Qf3 Qa7 33. Bxh6 Bf5 34. Qf4 Rd4 35. Bxg7+ Kxg7 36. Rg3+ Bg6 37. Qf6+ Kf8 38. hxg6 1-0

[Event "BCF-chT3 0102 (4NCL)"]
[Site "Birmingham"]
[Date "2002.01.19"]
[Round "5.4"]
[White "Coleman, James"]
[Black "Allinson, Julian"]
[Result "1/2-1/2"]
[WhiteElo "2137"]
[BlackElo "1944"]
[PlyCount "84"]
[EventDate "2001.09.??"]
[EventType "team-tourn"]
[EventRounds "11"]
[EventCountry "ENG"]
[SourceTitle "EXT 2003"]
[Source "ChessBase"]
[SourceDate "2002.11.25"]
[SourceVersion "1"]
[SourceVersionDate "2002.11.25"]
[SourceQuality "1"]
[WhiteTeam "Mindsports"]
[BlackTeam "Guildford III"]
[WhiteTeamCountry "ENG"]
[BlackTeamCountry "ENG"]

1. d4 Nf6 2. Nf3 c5 3. d5 e6 4. Nc3 exd5 5. Nxd5 Nxd5 6. Qxd5 Nc6 7. e4 d6 8. Bg5 Qb6 9. 0-0-0 Be6 10. Qd2 h6 11. Bh4 g5 12. Bg3 Bg7 13. b3 c4 14. Bxd6 cxb3 15. axb3 0-0-0 16. e5 g4 17. Nd4 Rxd6 18. exd6 Nxd4 19. Qc3+ Kb8 20. Qc7+ Qxc7 21. dxc7+ Kxc7 22. Bd3 Rd8 23. Rhe1 Rd6 24. Be4 b5 25. Kb1 a5 26. Bd3 a4 27. c3 Nxb3 28. Bxb5 Nd2+ 29. Kc1 Nb3+ 30. Kb2 Rxd1 31. Rxd1 Nc5 32. Ka3 Bb3 33. Re1 Bxc3 34. Rc1 Bd4 35. Bc4 Bxc4 36. Rxc4 Bxf2 37. Rxg4 Kd6 38. Rf4 Bg1 39. Rxf7 Bxh2 40. Rf6+ Kd5 41. Rxh6 Bf4 42. Rh5+ Kc6 1/2-1/2

[Event "BCF-chT3 0102 (4NCL)"]
[Site "Birmingham"]
[Date "2001.11.25"]
[Round "4.5"]
[White "Lutton, Josiah Ezra"]
[Black "Allinson, Julian"]
[Result "1/2-1/2"]
[WhiteElo "2093"]
[BlackElo "1944"]
[PlyCount "112"]
[EventDate "2001.09.??"]
[EventType "team-tourn"]
[EventRounds "11"]
[EventCountry "ENG"]
[SourceTitle "EXT 2003"]
[Source "ChessBase"]
[SourceDate "2002.11.25"]
[SourceVersion "1"]
[SourceVersionDate "2002.11.25"]
[SourceQuality "1"]
[WhiteTeam "South County Stars"]
[BlackTeam "Guildford III"]
[WhiteTeamCountry "ENG"]
[BlackTeamCountry "ENG"]

1. e4 c6 2. Nc3 d5 3. d4 dxe4 4. Bc4 Nf6 5. f3 e5 6. Bg5 exd4 7. Nxe4 Qa5+ 8. Bd2 Qe5 9. Qe2 Be6 10. 0-0-0 Nbd7 11. g3 Nxe4 12. fxe4 d3 13. cxd3 Bxc4 14. dxc4 Bc5 15. Nf3 Qe7 16. Nh4 g6 17. Bc3 Ne5 18. Nf3 f6 19. Nxe5 fxe5 20. Rhf1 Rd8 21. Rxd8+ Kxd8 22. Qd3+ Kc8 23. Qf3 Re8 24. Qf7 Bd4 25. Bd2 Qxf7 26. Rxf7 Rd8 27. Bg5 Rd7 28. Rf8+ Kc7 29. Kc2 b5 30. cxb5 cxb5 31. Bf6 Kb7 32. Bd8 Be3 33. Ba5 Rd4 34. Bc3 Rc4 35. Rf7+ Kc6 36. Kd3 Bd4 37. Rxh7 Bxc3 38. bxc3 Ra4 39. Rg7 Rxa2 40. Rxg6+ Kc5 41. h4 Rg2 42. h5 a5 43. h6 a4 44. g4 a3 45. Ra6 Rg3+ 46. Kc2 Rxg4 47. Rxa3 Kc4 48. Ra8 Rg2+ 49. Kd1 Rh2 50. Rh8 Kxc3 51. h7 Kb2 52. Rb8 Rxh7 53. Rxb5+ Kc3 54. Rxe5 Kd3 55. Ke1 Rh4 56. Ra5 Rxe4+ 1/2-1/2

[Event "BCF-chT3 0102 (4NCL)"]
[Site "Birmingham"]
[Date "2001.11.24"]
[Round "3.5"]
[White "Allinson, Julian"]
[Black "Milnes, Anthony CP"]
[Result "1/2-1/2"]
[WhiteElo "1944"]
[BlackElo "2138"]
[PlyCount "52"]
[EventDate "2001.09.??"]
[EventType "team-tourn"]
[EventRounds "11"]
[EventCountry "ENG"]
[SourceTitle "EXT 2003"]
[Source "ChessBase"]
[SourceDate "2002.11.25"]
[SourceVersion "1"]
[SourceVersionDate "2002.11.25"]
[SourceQuality "1"]
[WhiteTeam "Guildford III"]
[BlackTeam "All Four Corners"]
[WhiteTeamCountry "ENG"]
[BlackTeamCountry "ENG"]

1. d4 f5 2. Nf3 Nf6 3. g3 g6 4. Bg2 Bg7 5. 0-0 d6 6. c4 0-0 7. d5 Na6 8. Nd4 Qe8 9. Nc3 Bd7 10. Rb1 c6 11. b3 Nc7 12. Bb2 Rb8 13. Ba1 c5 14. Nc2 b5 15. cxb5 Nxb5 16. Ne3 f4 17. Nxb5 fxe3 18. Nc7 Qc8 19. Ne6 Bxe6 20. dxe6 Qxe6 21. Bxf6 Qxf6 22. fxe3 Qe5 23. Qd5+ Kh8 24. Rxf8+ Rxf8 25. Qxe5 Bxe5 26. Rc1 Rb8 1/2-1/2